000 00936cam a2200277 4500
008 090401t1995 xxu||||| |||| 00| 0 eng d
020 _a0582236312
035 _a(Sirsi) u22964
041 _aeng
050 _a624.1513
100 _aWhitlow, R.
245 _aBasic soil mechanics.
250 _a3rd ed.
260 _aHarlow
_bLongman Scientific & Technical
_c1995
300 _axxi,559p. ; 23cm.
350 _a19.99
520 _aPrimarily aimed at students, this new edition provides a basic overview of soil mechanics. Includes chapters on soil composition, settlement and site investigations as well as worked examples and practice exercises.
650 _aBUILT ENVIRONMENT-BUILDING ELEMENTS-COMPLETE BUILDING ELEMENTS-FOUNDATIONS
650 _aSETTLEMENT
650 _aSITE INVESTIGATION
650 _aSOIL MECHANICS
650 _aSTRESS
690 _aBUILT ENVIRONMENT
942 _n0
948 _c04/03/1997
999 _c88285
_d88285